000 00316nam a22001097a 4500
082 _a370 ROE'S
100 _aSMITH, GLENN E,ROEBER, EDWARD C,WALZ, GARRY R
_977099
245 _aA STRATEGY FOR GUIDANCE A POINT OF VIEW AND ITS IMPLICATION
260 _aLONDON
_bCOLLIN MACMILLAN
_c1969
300 _a293P
942 _cBK
999 _c582423
_d582423